00874nam a2200241 a 4500001001000000003000500010005001700015008004100032010001100073011001100084040000900095100003800104245014900142260004100291500006000332502007700392650001200469650001900481650002700500650001100527650002400538856007000562000109957CHAP20220329144110.0140616s2014 mx a |sm |||||||spa d a106419 a107391 cCHAP1 aHernández Montes, Nancy Belén10aPolvo y fibra de coco como sustituto de la turba para producción de plántula forestalesh[En línea]cpor Nancy Belén Hernández Montes. aChapingo, Méx. :bEl autor,c2014. aPara ver el contenido del material haga clic en la liga aTesis (Ing. Agr. Esp. en Fitotecnia) -- UACH. Departamento de Fitotecnia14aBonote.14aPolvo de coco.14aSustratos orgánicos.14aTurba.14aViveros forestales. aFinding aiduhttp://10.13.5.2/tesis/sist109957.pdfzTeclea aquí